000 00339nam a2200145Ia 4500
008 230917s9999||||xx |||||||||||||| ||und||
040 _e137807
_aMAIN
041 _aEnglish
082 _a658.8 IC2S
100 _aICFAI
245 0 _aService marketing: work book
260 _aHyderabad
_bICFAI
_c2004
300 _a536p p.
942 _cBK
999 _c147835
_d147835